000 00474nam a2200169 a 4500
001 000030156
005 20200930060105.0
008 110503s2010 dr 000 0 spa d
020 _a9782557710492
040 _aDO-SdBNP
_bspa
_cBNPHU
082 _axxx
_bP438v
100 1 _aPérez Peña, Icelsa I.
_956870
245 1 3 _aEl viejo go /
_cIcelsa I. Pérez Peña.
260 _aSanto Domingo :
_bGraphic Express Solution,
_c2010.
300 _a47 p. ;
_c18 cm.
049 _aBNPD
999 _c29648
_d29648